000 00887nam a2200253Ia 4500
001 18242
003 GE_BSU
008 181216s||||||||xx |||||||||||||| ||und||
020 _a9783126064965
040 _cGE_BSU
080 _a811.112
100 _aBimmel Peter, Bernd Kast, Gerhard Neuner.
245 _aDeutschunterricht planen neu. Volume 18
260 _aMunchen
260 _blangenscheidt
260 _c2011
300 _a206p;ill,30cm
300 _b+1CD-Rom
541 _h77 gel.
653 _aDeutschunterricht planen neu
653 _aVolume 18 of Deutsch als Fremdsprache und Germanistik Fernstudienangebot Deutsch als Fremdsprache Volume 18 of Fernstudienprojekt zur Fort- und Weiterbildung im Bereich Germanistik und Deutsch als Fremdsprache / Fernstudieneinheit
653 _aგერმანული ენა (გრამატიკა)
942 _cBK
999 _c51278
_d51278